00541nam a22001457a 450000500170000000800410001704100120005808200140007010000520008424501500013625000190028626000360030530000290034165000250037020231030134742.0231030b |||||||| |||| 00| 0 eng d aEnglish a347.1 RAN aRandell, GH, Bax KC and Van Niekerk JPlEnglish aThe South African Attorneys Handbook : bBeing Statutes and Decided Cases Relating to their Profession / cGH Randell, KC Bax and JP Van Niekerk  aSecond Edition aDurban : bButterworths, c1968 bxxi, 287 pages ;c25 cm. alegal practice bLaw